000 00782nam a22002417a 4500
001 8486
003 FISKH
005 20250915143802.0
008 250915b cb ||||| |||| 00| 0 eng d
020 _a9780439057011
040 _aFISKH
_beng
_cFISKH
_dFISKH
050 _aPZ7.W47 K
082 _a741.5973
100 _aWest, Terry M.
245 _aKing arthur /
_cBy Terry M. West : Based on the story " The sword in the stone "
260 _aNew York :
_bScholastic ,
_c1999.
300 _a19 pages :
_bcolor illustrations ;
_c19 cm .
490 _aRead 180
_vStage B, Level 1
520 _aA graphic novel based on "The sword in the stone" tells the story of how a knight became king.
700 _aLilly, Michael
_ePenciller
942 _2ddc
_cBK
_n0
999 _c8486
_d8486